Strategy for agriculture and water, 2006-2010 / (Record no. 16367)

000 -LEADER
fixed length control field 00492cam a22001577a 4500
040 ## - CATALOGING SOURCE
Transcribing agency DLC
082 ## - DEWEY DECIMAL CLASSIFICATION NUMBER
Classification number 471 MIN 2007 A027 Or.
245 00 - TITLE STATEMENT
Title Strategy for agriculture and water, 2006-2010 /
260 ## - PUBLICATION, DISTRIBUTION, ETC. (IMPRINT)
Place of publication Phnom Penh :
Name of publisher Ministry of Agriculture, Forestry and Fisheries :
-- Ministry of Water Resources and Meteorology,
Year of publication [2007]
300 ## - PHYSICAL DESCRIPTION
Number of Pages xi, 73 leaves :
Other physical details ill. ;
Dimensions 29 cm.
500 ## - GENERAL NOTE
General note Cover title.
500 ## - GENERAL NOTE
General note "February 2007."
710 1# - ADDED ENTRY--CORPORATE NAME
Corporate name or jurisdiction name as entry element Cambodia.
710 1# - ADDED ENTRY--CORPORATE NAME
Corporate name or jurisdiction name as entry element Cambodia.
942 ## - ADDED ENTRY ELEMENTS (KOHA)
Koha item type សៀវភៅភាសាអង់គ្លេស
952 ## - LOCATION AND ITEM INFORMATION (KOHA)
Withdrawn status [LOCAL, KOHA] 0
Holdings
Permanent Location Date acquired Koha item type Lost status Shelving location Barcode Current Location Full call number
Library Block A2018-02-13សៀវភៅភាសាអង់គ្លេស A024A24859Library Block A471 MIN 2007 A024 Or.
មជ្ឈមណ្ឌលឯការនៃសាកលវិទ្យាល័យភូមិន្ទកសិកម្មចំការដូង

Powered by Koha